000 00861nam a22002297a 4500
001 BRCA_9401
003 FranzMayer
005 20230918125206.0
008 230904b |||||||| |||| 00| 0 eng d
020 _a9682473438
040 _aMFM
_bESPAÑOL
_cMFM
050 0 _aTS171.M4
_bC66 2006
100 1 _4Autor
_aComisarenco Mirkin, Dina
_929553
240 _aDiseño industrial mexicano e internacional
_hMemoria y futuro
_lEspañol
245 0 _aDiseño industrial mexicano e internacional
_bMemoria y futuro
260 _aMéxico
_bTrillas
_c2006
300 _a254 p
_bIlustraciones
_c27 cm
500 _aAnexo 1
505 _aTexto en: españolIncluye índice temáticoIncluye índice bibliográficoDirigido a: profesores y estudiantes de diseño, diseñadores mexicanos
650 1 _2Diseño
_aDiseño industrial
_vHistoria
_929554
942 _2lcc
_cB
999 _c11023
_d11023